NBA 20,000 Point scorers - Statistics

General Stats
  • This quiz has been taken 923 times
    922 since last reset
  • The average score is 22 of 38
Answer Stats
Hint Answer % Correct
Cleveland, Heat F Lebron James
99%
Mailman, Utah PF Karl Malone
92%
Chairman of the Board's Big Mo Moses Malone
90%
The Admiral David Robinson
81%
Bulls SG, UNC Michael Jordan
76%
Celtic Great Larry Bird
75%
San Antonio PF Tim Duncan
75%
Lakers SG Kobe Bryant
74%
Wolves, Celtics PF Kevin Garnett
72%
Mavericks PF Dirk Nowitzki
71%
Knicks C Patrick Ewing
71%
1st pick 1996 Philly PG Allen Iverson
69%
Seattle PG Gary Payton
68%
all time 3 point leader, SG Ray Allen
68%
Orlando, Miami Laker C Shaq O'Neal
68%
Houston C Hakeem Olajuwon
67%
Lakers SG 1960-74 Jerry West
67%
Pacers SG UCLA Reggie Miller
67%
Cinicnnati PG Oscar Robertson
64%
Atlanta Hawks, Windmill Dominique Wilkins
62%
Philadelphia. Phoenix, Houston PF Charles Barkley
61%
Rocket/Trailblazer SG Clyde Drexler
61%
Spurs SG 1976-1986 George Gervin
61%
Lakers C, UCLA Kareem Abdul- Jabbar
58%
UNC F, Toronto, Nets, Orlando, Dallas Vince Carter
55%
Denver F 1980-90 Alex English
52%
Laker HOF F Elgin Baylor
49%
Celtics SF 1962-78, Ohio State John Havlicek
49%
Celtics C Robert Parish
46%
Kansas, Boston F Paul Pierce
45%
Rockets, Bullets PF Elvin Hayes
40%
Philadelphia and LA C Wilt Chamberlain
31%
LA, Utah, Detroit former Denver coach Adrian Dantley
20%
Syracuse, Philadelphia SG 1958-73 Hal Greer
20%
Milwaukee/ St Louis PF 1954-65 Bob Pettit
17%
Golden State, Sacramento PG Mitch Richmond
12%
Sonics Jazz PF/C 1981-97 Tom Chambers
7%
1961 First Pick, Indiana C Walt Bellamy
5%
No matching quizzes found
Score Distribution
Percent of People with Each Score
Percentile by Number Answered
Your Score History
You have not taken this quiz since the last reset